Anticoagulantes - Estadísticas

Estadísticas generales
  • Esta prueba ha sido intentada 53 veces
  • La puntuación promedio es 4 de 6
Estadísticas de respuestas
Hint Respuesta % Correcto
Warfarina Vitamina K epóxido reductasa
77%
Heparina Antitrombina III (factor Xa->trombina)
68%
Nitratos Óxido nitrico
64%
Aspirina Cox-1
59%
Tirofibán Gp IIb/IIIa
50%
Clopidogrel P2Y12
41%
No se encontraron pruebas coincidentes
Distribución de puntuación
Porcentaje de gente con cada puntuación
Porcentaje por número respondido
Historial de tus puntuaciones
No has intentado esta prueba.